000 00921nam a22001457a 4500
003 NUST
005 20221124120541.0
008 221124b ||||| |||| 00| 0 eng d
082 _a519.4,ELI
245 _aLinearization Models for Complex Dynamical Systems: Topics in Univalent Functions, Functional Equations and Semigroup Theory / /
_cMark Elin, David Shoikhet
260 _aSwitzerland
_bSpringer Basal AG
_c2010
300 _axii, 264p.
505 _aGeometric Background (Page-1), Dynamic Approach (Page-17), Starlike Functions with respect to a boungary point (Page-39), Apirallike Functions with respect to a boundary point (Page-63), Koenigs type starlike and spirallike functions (Page-95), Rigidity of Holomorphic mappings and commuting semigroups (Page-121), Asymptotic Behavior of one parameter semigroups (Page-153), Backward flow invariant domains for semigroups (Page-195).
942 _2ddc
_cBK
_k519.4,ELI
999 _c592471
_d592471